Nonlinear almost periodic oscillations /
Guardado en:
| Autor Principal: | |
|---|---|
| Otros Autores: | , |
| Formato: | Libro |
| Idioma: | English Russian |
| Publicado: |
New York : Jerusalem :
Wiley ; Israel Program for Scientific Translations,
c1973.
|
| Materias: | |
| Etiquetas: |
Agregar Etiqueta
Sin Etiquetas, Sea el primero en etiquetar este registro!
|
| LEADER | 01331cam a2200325 a 4500 | ||
|---|---|---|---|
| 001 | MAT.inmabb002971 | ||
| 008 | 730717s1973####nyu######b####001#0#eng## | ||
| 005 | 20180611161958.0 | ||
| 245 | 1 | 0 | |a Nonlinear almost periodic oscillations / |c M. A. Krasnosel´skii, V. Sh. Burd, and Yu. S. Kolesov ; translated from Russian by A. Libin ; translation edited by D. Louvish. |
| 260 | |a New York : |b Wiley ; |a Jerusalem : |b Israel Program for Scientific Translations, |c c1973. | ||
| 300 | |a x, 326 p. ; |c 25 cm. | ||
| 500 | |a "A Halsted Press book." | ||
| 500 | |a Traducción de: Nelineinye pochti periodicheskie kolebaniia. Moscú, 1970. | ||
| 504 | |a Bibliografía: p. 319-324. | ||
| 510 | 4 | |a MR, |c 45 #7183 |3 (de la versión original) | |
| 020 | |a 0470507004 | ||
| 020 | |a 0706513487 (Jerusalem) | ||
| 100 | 1 | |a Krasnosel´skii, M. A. |q (Mark Aleksandrovich), |d 1920- | |
| 240 | 1 | 0 | |a Nelineinye pochti periodicheskie kolebaniia. |l Inglés |
| 700 | 1 | |a Burd, Vladimir Shepselevich. | |
| 700 | 1 | |a Kolesov, IU. S. |q (IUrii Serafimovich) | |
| 650 | 0 | |a Oscillations. | |
| 650 | 0 | |a Almost periodic functions. | |
| 650 | 0 | |a Differential equations, Nonlinear. | |
| 650 | 0 | |a Integral equations. | |
| 084 | |a 34C15 (34C25 34D15) |2 MR | ||
| 010 | |a 73012277 | ||
| 040 | |a DLC |c DLC |d DLC | ||
| 041 | 1 | |a eng |h rus | |
| 859 | |h 34 |i K89 |p A-4867 |b BIB. MATEMATICA | ||
